Hydraulicity in lime mortars. (Record no. 60922)
[ view plain ]
| 000 -LEADER | |
|---|---|
| fixed length control field | 00560cam a2200181 4500 |
| 001 - CONTROL NUMBER | |
| control field | ABS61212 |
| 008 - FIXED-LENGTH DATA ELEMENTS--GENERAL INFORMATION | |
| fixed length control field | 000000n1999 000 0 eng u |
| 035 ## - SYSTEM CONTROL NUMBER | |
| System control number | (Sirsi) u101809 |
| 100 ## - MAIN ENTRY--PERSONAL NAME | |
| Personal name | Wye, M. |
| 245 ## - TITLE STATEMENT | |
| Title | Hydraulicity in lime mortars. |
| 260 ## - PUBLICATION, DISTRIBUTION, ETC. | |
| Date of publication, distribution, etc. | 1999 |
| 490 ## - SERIES STATEMENT | |
| Series statement | Context |
| Volume/sequential designation | (63) September 1999, 13-14(2) |
| 520 ## - SUMMARY, ETC. | |
| Summary, etc. | Discusses the use of traditional lime putty, mortars and plasters. Looks at their history, chemistry, reliability, cost and usage. |
| 650 ## - SUBJECT ADDED ENTRY--TOPICAL TERM | |
| Topical term or geographic name entry element | LIME |
| 650 ## - SUBJECT ADDED ENTRY--TOPICAL TERM | |
| Topical term or geographic name entry element | TRADITIONAL MATERIALS |
| 690 ## - LOCAL SUBJECT ADDED ENTRY--TOPICAL TERM (OCLC, RLIN) | |
| Topical term or geographic name as entry element | CONSERVATION |
| 942 ## - ADDED ENTRY ELEMENTS (KOHA) | |
| Suppress in OPAC | 0 |
| Withdrawn status | Lost status | Source of classification or shelving scheme | Damaged status | Not for loan | Home library | Current library | Shelving location | Date acquired | Total Checkouts | Full call number | Barcode | Date last seen | Copy number | Price effective from | Koha item type |
|---|---|---|---|---|---|---|---|---|---|---|---|---|---|---|---|
| Dewey Decimal Classification | London | London | Journal article | 11/11/1999 | ABS61212 | 101809-1001 | 06/08/2019 | 1 | 06/08/2019 | Journal article |